=LDR 00000nam 2200000 4500 =001 INLIS000000000034004 =005 20240722011712 =035 ##$$a 0010-061300000034004 =008 240722################g##########0#ind## =041 ##$$a ind =082 ##$$a 523 =090 ##$$a 523, Gre a =100 ##$$a Greer, Steven M =245 1#$$a Awas ada ufo /$c Steven M. Greer, md; Penerjemah Achmad Asnawi;Penyunting, Terry pardanawati =260 ##$$a Yogyakarta :$b Signal,$c 2010 =300 ##$$a 140 hlm : $b Ilus ; $c 20 cm =650 #4$$a Ufo- Benda Angkasa =700 #$$a Asnawi, Achmad =850 ##$$a NBPNMAT =020 ##$$a 979-1709-17-3 =084 ##$$a 523 GRE a =990 ##$$a 21006513 =990 ##$$a 21006512 =990 ##$$a 1201001840 =990 ##$$a 21006511 =990 ##$$a 21006513 =990 ##$$a 21006512 =990 ##$$a 15641564 =990 ##$$a 21006514 =990 ##$$a 21006513 =990 ##$$a 21006512 =990 ##$$a 21006511 =990 ##$$a 21006514 =990 ##$$a 21006513 =990 ##$$a 21006512 =990 ##$$a 21006511